000 00349nam a2200145Ia 4500
008 100122s9999 xx 000 0 und d
082 _b24259
_a821
100 _aसाटम शरद
245 _aगाज
260 _bमौज प्रकाशन
_c1976
300 _a112
630 _aगाज
730 _aगाज
942 _cBOOK
999 _c411630
_d411627